000
00321nam a2200133Ia 4500
008
240624s9999 xx 000 0 und d
041
_a
eng
082
_a
301.01 TUR
100
_a
TURNER BRYAN S
245
_a
CLASSICAL SOCIOLOGY
260
_c
1999
_a
London
_b
Sage
300
_a
xi, : 291 : p. : cm. ; 23
365
_c
BPS
_b
25
999
_c
4366
_d
4366